Countries: After P and Q Quiz Stats

 Plays Quiz Updated Mar 6, 2018

Also try: Countries: After O
Challenge
Share
Tweet
Embed
Score 0/12 Timer 02:00
1 Play Today
Letter Combination Name of Country % Correct
PANepal
96.2%
QAQatar
96%
PIPhilippines
89.6%
POPoland
89.5%
PHPhilippines
89%
PPPhilippines
89%
PESão Tomé and Príncipe
72.3%
Q-Iraq
64.8%
QUEquatorial Guinea
64.1%
PUPapua New Guinea
48%
PTEgypt
45.1%
PRSão Tomé and Príncipe
37.7%

You're not logged in!

Compare scores with friends on all Sporcle quizzes.
Join for Free
OR
Log In

You Might Also Like...

Show Comments

Extras

Top Quizzes Today


Score Distribution

Your Account Isn't Verified!

In order to create a playlist on Sporcle, you need to verify the email address you used during registration. Go to your Sporcle Settings to finish the process.

Report this User

Report this user for behavior that violates our Community Guidelines.

Details: